[Event "Heusenstamm Sparkassen op-B 9th"]
[Site "Heusenstamm"]
[Date "2023.11.26"]
[Round "6"]
[White "Brunner, Andreas"]
[Black "Leichum, Engelbert"]
[Result "1/2-1/2"]
[WhiteElo "1414"]
[BlackElo "1527"]
[PlyCount "64"]
[EventDate "2023.11.23"]
[EventType "swiss"]
[EventRounds "7"]
[EventCountry "GER"]
[SourceTitle "EXT 2025"]
[Source "ChessBase"]
[SourceDate "2024.10.14"]
[SourceVersion "1"]
[SourceVersionDate "2024.10.14"]
[SourceQuality "1"]

1. Nf3 Nf6 2. c4 d6 3. g3 e5 4. Bg2 c6 5. Nc3 Be6 6. d3 Be7 7. 0-0 h6 8. a3 Qd7 9. Re1 c5 10. b4 Nc6 11. bxc5 dxc5 12. Nd2 0-0 13. Rb1 b6 14. Qa4 Rac8 15. Bb2 Bh3 16. Bh1 Ng4 17. Nd5 Bd6 18. Ne4 f5 19. Nxd6 Qxd6 20. e3 Nd8 21. Qxa7 Ne6 22. Qxb6 Qd7 23. Qb5 Qf7 24. Nb6 Rcd8 25. Bd5 Rd6 26. d4 Rb8 27. dxc5 Rdd8 28. Qc6 Re8 29. a4 Nf6 30. Bxe5 Nxd5 31. Bxb8 Nc3 32. Rb3 Nd4 1/2-1/2

[Event "Heusenstamm Sparkassen op-B 9th"]
[Site "Heusenstamm"]
[Date "2023.11.25"]
[Round "5"]
[White "Leichum, Engelbert"]
[Black "Tran, Duy Khang"]
[Result "1/2-1/2"]
[WhiteElo "1527"]
[BlackElo "1381"]
[PlyCount "54"]
[EventDate "2023.11.23"]
[EventType "swiss"]
[EventRounds "7"]
[EventCountry "GER"]
[SourceTitle "EXT 2025"]
[Source "ChessBase"]
[SourceDate "2024.10.14"]
[SourceVersion "1"]
[SourceVersionDate "2024.10.14"]
[SourceQuality "1"]

1. e4 c5 2. d4 cxd4 3. c3 dxc3 4. Bc4 e6 5. Nxc3 Nc6 6. Nf3 a6 7. e5 Bb4 8. 0-0 Bxc3 9. bxc3 Qa5 10. Qd3 Nxe5 11. Nxe5 Qxe5 12. f4 Qc7 13. f5 b5 14. Bb3 Bb7 15. fxe6 dxe6 16. Ba3 Rd8 17. Qe3 Qc6 18. Rf2 Ne7 19. Bxe7 Kxe7 20. Raf1 Rhf8 21. Qg5+ Kd7 22. Rxf7+ Rxf7 23. Rxf7+ Kc8 24. Re7 Rd6 25. Qg4 Rd1+ 26. Bxd1 Qc5+ 27. Kh1 Qxe7 1/2-1/2

[Event "Heusenstamm Sparkassen op-B 9th"]
[Site "Heusenstamm"]
[Date "2023.11.23"]
[Round "1"]
[White "Leichum, Engelbert"]
[Black "Hellmann, Alexander"]
[Result "1-0"]
[WhiteElo "1527"]
[BlackElo "1199"]
[PlyCount "31"]
[EventDate "2023.11.23"]
[EventType "swiss"]
[EventRounds "7"]
[EventCountry "GER"]
[SourceTitle "EXT 2025"]
[Source "ChessBase"]
[SourceDate "2024.10.14"]
[SourceVersion "1"]
[SourceVersionDate "2024.10.14"]
[SourceQuality "1"]

1. e4 e5 2. d4 exd4 3. c3 dxc3 4. Bc4 Bc5 5. Bxf7+ Kf8 6. Nf3 Nf6 7. e5 Qe7 8. 0-0 Qxf7 9. exf6 Qxf6 10. Nxc3 d6 11. Bg5 Qf7 12. Ne4 Bb6 13. Re1 Be6 14. Nxd6 Qd7 15. Qe2 Qxd6 16. Rad1 1-0

[Event "Heusenstamm Sparkassen op-B 6th"]
[Site "Heusenstamm"]
[Date "2019.11.22"]
[Round "3"]
[White "Leichum, Engelbert"]
[Black "Laznik, Zeljko"]
[Result "1-0"]
[WhiteElo "1587"]
[BlackElo "1432"]
[PlyCount "47"]
[EventDate "2019.11.21"]
[EventType "swiss"]
[EventRounds "7"]
[EventCountry "GER"]
[SourceTitle "CBM 194 Extra"]
[Source "ChessBase"]
[SourceDate "2020.03.31"]
[SourceVersion "1"]
[SourceVersionDate "2020.03.31"]
[SourceQuality "1"]

1. e4 e5 2. d4 exd4 3. c3 dxc3 4. Bc4 Qf6 5. Nxc3 Bc5 6. Nf3 Bb4 7. Qb3 Bxc3+ 8. bxc3 Qe7 9. 0-0 h6 10. e5 b6 11. Ba3 c5 12. Nd4 g6 13. Bd5 Qf8 14. Bxa8 Ne7 15. Nb5 Nf5 16. Nc7+ Kd8 17. Nd5 Ng7 18. Nxb6 Ne6 19. Nxc8 Kxc8 20. Qb7+ Kd8 21. Qxb8+ Ke7 22. Qxf8+ Rxf8 23. Bf3 Rc8 24. Rfd1 1-0

[Event "Heusenstamm Sparkassen op-B 5th"]
[Site "Heusenstamm"]
[Date "2018.11.25"]
[Round "7"]
[White "Leichum, Engelbert"]
[Black "Martin, Lukas"]
[Result "1/2-1/2"]
[WhiteElo "1700"]
[BlackElo "1439"]
[PlyCount "64"]
[EventDate "2018.11.22"]
[EventType "swiss"]
[EventRounds "7"]
[EventCountry "GER"]
[SourceTitle "CBM 187 Extra"]
[Source "ChessBase"]
[SourceDate "2018.11.04"]
[SourceVersion "1"]
[SourceVersionDate "2018.11.04"]
[SourceQuality "1"]

1. e4 c5 2. d4 cxd4 3. c3 dxc3 4. Nxc3 Nc6 5. Nf3 e6 6. a3 Qc7 7. Bc4 Nf6 8. b4 a6 9. 0-0 Be7 10. Re1 b5 11. Bb3 Nxb4 12. Ne2 Nxe4 13. axb4 Bxb4 14. Qd4 Bxe1 15. Qxe4 Bb7 16. Qg4 Bc3 17. Bf4 e5 18. Qxg7 exf4 19. Nxc3 0-0-0 20. Nd5 Bxd5 21. Bxd5 f5 22. Qb2 Qd6 23. Rc1+ Kb8 24. Qd4 Rc8 25. Rd1 Rhe8 26. Qa1 Qb6 27. Nd4 Qc5 28. Bf3 Qc3 29. Qb1 Rc4 30. Nxb5 Qb4 31. Nd6 Ree4 32. Nxe4 fxe4 1/2-1/2

[Event "Frankfurt-chA"]
[Site "Frankfurt"]
[Date "2016.05.23"]
[Round "4"]
[White "Richter, Wolfram"]
[Black "Leichum, Engelbert"]
[Result "0-1"]
[WhiteElo "1510"]
[BlackElo "1708"]
[PlyCount "76"]
[EventDate "2016.04.25"]
[EventType "swiss"]
[EventRounds "9"]
[EventCountry "GER"]
[SourceTitle "EXT 2018"]
[Source "ChessBase"]
[SourceDate "2017.10.13"]
[SourceVersion "1"]
[SourceVersionDate "2017.10.13"]
[SourceQuality "1"]

1. Nf3 Nc6 2. g3 e5 3. d3 Bc5 4. Bg2 d6 5. Nbd2 Nf6 6. c3 Ng4 7. 0-0 Ne7 8. b4 Bb6 9. a4 a6 10. Nc4 Ba7 11. e4 Be6 12. Ra2 0-0 13. Rd2 f5 14. h3 Nf6 15. Ng5 Bxc4 16. dxc4 Qc8 17. Re1 h6 18. c5 hxg5 19. cxd6 cxd6 20. exf5 Nxf5 21. Qb3+ Kh8 22. Kh2 Qd7 23. Rxe5 Bxf2 24. Ree2 Bxg3+ 25. Kg1 Bf4 26. Rd1 Ng3 27. Rf2 Rae8 28. Qc2 Re6 29. Bxf4 gxf4 30. Bf3 Rfe8 31. Qd2 Nfe4 32. Qxf4 Nxf2 33. Kxf2 Ne2 34. Qc4 Rf8 35. Qg4 Qe7 36. Rd5 Nf4 37. Rf5 Rxf5 38. Qxf5 Qh4+ 0-1

[Event "Frankfurt-chA"]
[Site "Frankfurt"]
[Date "2016.05.02"]
[Round "2"]
[White "Leichum, Engelbert"]
[Black "Lopez, Victor"]
[Result "0-1"]
[WhiteElo "1708"]
[BlackElo "1455"]
[PlyCount "100"]
[EventDate "2016.04.25"]
[EventType "swiss"]
[EventRounds "9"]
[EventCountry "GER"]
[SourceTitle "EXT 2018"]
[Source "ChessBase"]
[SourceDate "2017.10.13"]
[SourceVersion "1"]
[SourceVersionDate "2017.10.13"]
[SourceQuality "1"]

1. e4 c6 2. Nf3 d5 3. Nc3 dxe4 4. Nxe4 Bf5 5. Ng3 Bg6 6. Ne5 Nf6 7. Nxg6 hxg6 8. Bc4 e6 9. d4 Nbd7 10. 0-0 Be7 11. Re1 Qc7 12. Qf3 Nb6 13. Bb3 0-0-0 14. c3 Rdf8 15. c4 Nh5 16. Nxh5 Rxh5 17. Bf4 Qd8 18. c5 Nd5 19. Bxd5 Rxd5 20. Be3 Bf6 21. Rad1 Bxd4 22. Bxd4 Rxd4 23. Rc1 Qd5 24. Qxd5 Rxd5 25. b4 Rfd8 26. a3 Kc7 27. g3 Rd3 28. Re3 Rxe3 29. fxe3 Rd3 30. Ra1 Rxe3 31. Kf2 Rb3 32. Ke2 Rb2+ 33. Kf3 Rxh2 34. Kf4 f6 35. Rd1 Rh8 36. Rd3 Rd8 37. Re3 Kd7 38. g4 g5+ 39. Kf3 Ke7 40. Ke4 Kf7 41. Kf3 g6 42. Kg3 f5 43. Rf3 Rd4 44. gxf5 gxf5 45. Rc3 Kf6 46. Kf3 e5 47. Ke2 e4 48. Rh3 Rd7 49. Rh6+ Ke5 50. Rh8 Kf4 0-1

[Event "Heusenstamm Sparkassen op-A 2nd"]
[Site "Heusenstamm"]
[Date "2015.11.26"]
[Round "1"]
[White "Leichum, Engelbert"]
[Black "Mock, Oskar"]
[Result "0-1"]
[WhiteElo "1670"]
[BlackElo "2015"]
[PlyCount "54"]
[EventDate "2015.11.26"]
[EventType "swiss"]
[EventRounds "7"]
[EventCountry "GER"]
[SourceTitle "EXT 2018"]
[Source "ChessBase"]
[SourceDate "2017.10.13"]
[SourceVersion "1"]
[SourceVersionDate "2017.10.13"]
[SourceQuality "1"]

1. e4 c5 2. Nf3 g6 3. d4 cxd4 4. Nxd4 Nc6 5. Nc3 Bg7 6. Be3 Nf6 7. Be2 0-0 8. Qd2 d5 9. f3 e5 10. Nxc6 bxc6 11. 0-0-0 Be6 12. Bc5 Re8 13. exd5 cxd5 14. Kb1 Qa5 15. Ba3 Rab8 16. Ka1 e4 17. Nb1 Qb6 18. b3 exf3 19. Qe1 fxe2 20. Qxe2 Bg4 21. Qf1 Bxd1 22. Qxd1 Ne4+ 23. Bb2 Bxb2+ 24. Kxb2 Nf2 25. Qf1 Nxh1 26. Qxh1 Qd4+ 27. Kc1 Re2 0-1

[Event "Frankfurt-chA"]
[Site "Frankfurt"]
[Date "2015.05.04"]
[Round "2"]
[White "Fischer, Ulrich"]
[Black "Leichum, Engelbert"]
[Result "1/2-1/2"]
[WhiteElo "1740"]
[BlackElo "1578"]
[PlyCount "105"]
[EventDate "2015.04.27"]
[EventType "swiss"]
[EventRounds "7"]
[EventCountry "GER"]
[SourceTitle "EXT 2016"]
[Source "ChessBase"]
[SourceDate "2015.10.08"]
[SourceVersion "1"]
[SourceVersionDate "2015.10.08"]
[SourceQuality "1"]

1. d4 Nf6 2. Nf3 c6 3. c4 d6 4. Nc3 Bg4 5. e4 Qc7 6. Be2 e5 7. Be3 Nbd7 8. 0-0 Be7 9. Ne1 Bxe2 10. Qxe2 Nf8 11. d5 Ng6 12. Nd3 c5 13. f4 exf4 14. Nxf4 h5 15. Nxg6 fxg6 16. Bf4 0-0 17. e5 dxe5 18. Bxe5 Qd7 19. Qd3 Kh7 20. Rad1 Bd6 21. Bxd6 Qxd6 22. h3 a6 23. Rde1 Rae8 24. Rxe8 Rxe8 25. Qd2 Re5 26. Re1 Rxe1+ 27. Qxe1 Qf4 28. Qf1 Qd6 29. Qf3 Kh6 30. Qe3+ g5 31. Ne2 b5 32. h4 Nh7 33. Ng3 g6 34. Ne4 Qe5 35. hxg5+ Nxg5 36. Qxg5+ Qxg5 37. Nxg5 Kxg5 38. b3 Kf6 39. Kf2 bxc4 40. bxc4 Ke5 41. Ke3 g5 42. Kf3 a5 43. a4 Kf5 44. Ke3 h4 45. d6 Ke6 46. Kf3 Kxd6 47. Kg4 Ke5 48. Kxg5 Kd4 49. Kxh4 Kxc4 50. g4 Kb4 51. g5 c4 52. g6 c3 53. g7 1/2-1/2

[Event "Heusenstamm Schloss op 1st"]
[Site "Heusenstamm"]
[Date "2014.11.21"]
[Round "2"]
[White "Wendel, Joachim"]
[Black "Leichum, Engelbert"]
[Result "0-1"]
[WhiteElo "1331"]
[BlackElo "1745"]
[PlyCount "114"]
[EventDate "2014.11.20"]
[EventType "swiss"]
[EventRounds "7"]
[EventCountry "GER"]
[SourceTitle "CBM 163 Extra"]
[Source "ChessBase"]
[SourceDate "2014.12.23"]
[SourceVersion "1"]
[SourceVersionDate "2014.12.23"]
[SourceQuality "1"]

1. e4 e5 2. Nf3 Nc6 3. Bc4 Nf6 4. Nc3 h6 5. d3 Bc5 6. h3 d6 7. 0-0 Be6 8. Bb3 Qe7 9. Be3 g5 10. Bxc5 dxc5 11. Nd5 Qd8 12. Nxf6+ Qxf6 13. Bxe6 Qxe6 14. Nd2 h5 15. f3 0-0-0 16. Qe2 Nd4 17. Qd1 Qg6 18. Nc4 Qg7 19. c3 Ne6 20. Qc2 Nf4 21. Rad1 g4 22. fxg4 hxg4 23. hxg4 Qh6 24. Kf2 Qh4+ 25. Kf3 Rdg8 26. Nxe5 Qg5 27. Kg3 f6 28. Rxf4 fxe5 29. Rdf1 Qh4+ 30. Kf3 exf4 31. Qb3 Qxg4+ 32. Kf2 Qxg2+ 33. Ke1 Rh3 34. Qe6+ Kb8 35. Rf2 Re3+ 36. Kd1 Qg1+ 37. Kc2 Qxf2+ 38. Kb3 Qg1 39. Qd5 f3 40. a4 Qd1+ 41. Ka3 Rc8 42. Qxc5 Rxd3 43. a5 a6 44. e5 f2 45. Qxf2 Rcd8 46. e6 R8d5 47. Qf8+ Ka7 48. Qf2+ c5 49. e7 Qa1+ 50. Kb3 Qd1+ 51. Ka3 Rd2 52. Qxd2 Rxd2 53. e8Q Qa1+ 54. Kb3 Qxb2+ 55. Kc4 Rc2 56. Qe5 Qa2+ 57. Kxc5 Qxa5+ 0-1

[Event "Heusenstamm Schloss op 1st"]
[Site "Heusenstamm"]
[Date "2014.11.20"]
[Round "1"]
[White "Leichum, Engelbert"]
[Black "Baskin, Robert"]
[Result "0-1"]
[WhiteElo "1745"]
[BlackElo "2212"]
[PlyCount "88"]
[EventDate "2014.11.20"]
[EventType "swiss"]
[EventRounds "7"]
[EventCountry "GER"]
[SourceTitle "CBM 163 Extra"]
[Source "ChessBase"]
[SourceDate "2014.12.23"]
[SourceVersion "1"]
[SourceVersionDate "2014.12.23"]
[SourceQuality "1"]

1. e4 c5 2. Bc4 d6 3. d3 Nf6 4. c3 e6 5. Nf3 d5 6. exd5 exd5 7. Qe2+ Be7 8. Bb3 Nc6 9. Bg5 0-0 10. 0-0 h6 11. Bh4 Be6 12. Nbd2 Qb6 13. h3 Rfe8 14. Rae1 Rad8 15. Bg3 Nd7 16. Ne5 Ndxe5 17. Bxe5 Nxe5 18. Qxe5 Bd6 19. Qh5 Bb8 20. Rb1 Qa6 21. Qf3 Qd6 22. Qg3 Qxg3 23. fxg3 Bxg3 24. Rf3 Be5 25. Re1 Bf6 26. Bc2 b5 27. Ref1 b4 28. cxb4 cxb4 29. Rxf6 gxf6 30. Rxf6 Kg7 31. Rf4 Rc8 32. Bb3 Rc1+ 33. Kh2 a5 34. Rd4 Ra8 35. Bxd5 Bxd5 36. Rxd5 Ra1 37. a3 bxa3 38. bxa3 Rxa3 39. Nc4 Ra1 40. Nb6 Ra6 41. Nc4 a4 42. Ra5 Rxa5 43. Nxa5 a3 44. Nb3 Rb1 0-1